Catálogo
 En Linea

Transfusión sanguinea : (Registro nro. 36028)

Detalles MARC
000 -CABECERA
campo de control de longitud fija 00655nam a2200193 a 4500
001 - NÚMERO DE CONTROL
campo de control 000036537
005 - FECHA Y HORA DE LA ÚLTIMA TRANSACCIÓN
campo de control 20200930075803.0
008 - DATOS DE LONGITUD FIJA--INFORMACIÓN GENERAL
campo de control de longitud fija 120119s1986 sp a 000 0 spa d
020 ## - NÚMERO INTERNACIONAL ESTÁNDAR DEL LIBRO
Número Internacional Estándar del Libro 8475921051
040 ## - FUENTE DE LA CATALOGACIÓN
Centro catalogador/agencia de origen DO-SdBNP
Lengua de catalogación spa
Centro/agencia transcriptor BNPHU
082 ## - NÚMERO DE LA CLASIFICACIÓN DECIMAL DEWEY
Número de clasificación xxx
Número de documento/Ítem T772
245 00 - MENCIÓN DE TÍTULO
Título Transfusión sanguinea :
Resto del título Bases teóricas y aplicación clínica /
Mención de responsabilidad, etc. Jhon G. Kelton ... [et.al] ; prólogo Joan Grifols Espés.
260 ## - PUBLICACIÓN, DISTRIBUCIÓN, ETC.
Lugar de publicación, distribución, etc. Barcelona :
Nombre del editor, distribuidor, etc. Doyma,
Fecha de publicación, distribución, etc. 1986.
300 ## - DESCRIPCIÓN FÍSICA
Extensión 162 p. :
Otras características físicas il. ;
Dimensiones 28 cm.
700 1# - PUNTO DE ACCESO ADICIONAL--NOMBRE DE PERSONA
Nombre de persona Heddle, Nancy M.
9 (RLIN) 62789
700 1# - PUNTO DE ACCESO ADICIONAL--NOMBRE DE PERSONA
Nombre de persona Blajchman, Morris A.
9 (RLIN) 62790
700 1# - PUNTO DE ACCESO ADICIONAL--NOMBRE DE PERSONA
Nombre de persona Brain, Elizabeth A.
9 (RLIN) 62791
700 1# - PUNTO DE ACCESO ADICIONAL--NOMBRE DE PERSONA
Nombre de persona Grifols Espés, Joan,
Término indicativo de función/relación pról.
9 (RLIN) 62792
Existencias
Estado de retiro Estado de pérdida Restricciones de uso No para préstamo Código de colección Localización permanente Ubicación/localización actual Ubicación en estantería Fecha de adquisición Número de inventario Total de préstamos Signatura topográfica completa Código de barras Fecha visto por última vez Precio válido a partir de Tipo de ítem Koha
      Excluido de préstamo Monografías: Libros y Folletos General General En catalogación 19.01.2012 LF1   xxx T772 36537-10 25.06.2020 25.06.2020 No se presta

Con tecnología Koha